[Event "European Online CC PlayA"]
[Site "Tornelo INT"]
[Date "2021.03.29"]
[Round "5.2"]
[Board "3"]
[White "Wagner, Dennis"]
[Black "Amin, Bassem"]
[Result "1/2-1/2"]
[WhiteTitle "GM"]
[BlackTitle "GM"]
[WhiteElo "2581"]
[BlackElo "2695"]
[WhiteTeam "SV 1930 Hockenheim"]
[BlackTeam "Clichy Echecs 92"]
[WhiteFideId "24650684"]
[BlackFideId "10601457"]
[EventDate "2021.03.29"]
[EventType "team"]

1. e4 e5 2. Nf3 Nc6 3. Bb5 a6 4. Ba4 Nf6 5. O-O Be7 6. Re1 b5 7. Bb3 d6 8. c3
O-O 9. h3 Nb8 10. d4 Nbd7 11. Nbd2 Bb7 12. Bc2 Re8 13. Nf1 Bf8 14. Ng3 g6 15.
Bd2 Bg7 16. Qc1 d5 17. Nxe5 Nxe5 18. dxe5 Nxe4 19. Nxe4 dxe4 20. Bg5 Qd7 21.
Bxe4 Bxe4 22. Rxe4 Rxe5 23. Rxe5 Bxe5 24. Qc2 Re8 25. Rd1 Qe6 26. Qb3 Bd6 27.
Qxe6 Rxe6 28. Kf1 f5 29. Re1 Kf7 30. Rxe6 Kxe6 31. Ke2 Kd5 32. Kd3 c5 33. b3 c4+
34. bxc4+ bxc4+ 35. Ke2 Be5 36. Bd2 h5 37. f3 Bf6 38. Kd1 1/2-1/2

[Event "European Online CC PlayA"]
[Site "Tornelo INT"]
[Date "2021.03.29"]
[Round "5.2"]
[Board "4"]
[White "Van Wely, Loek"]
[Black "Buhmann, Rainer"]
[Result "0-1"]
[WhiteTitle "GM"]
[BlackTitle "GM"]
[WhiteElo "2620"]
[BlackElo "2580"]
[WhiteTeam "Clichy Echecs 92"]
[BlackTeam "SV 1930 Hockenheim"]
[WhiteFideId "1000268"]
[BlackFideId "4651340"]
[EventDate "2021.03.29"]
[EventType "team"]

1. c4 e6 2. Nc3 d5 3. d4 Nf6 4. cxd5 exd5 5. Bg5 Be7 6. e3 O-O 7. Bd3 Re8 8. Nf3
h6 9. Bh4 c6 10. Qc2 Ne4 11. Bxe7 Qxe7 12. O-O Bf5 13. Rab1 Nd7 14. b4 Nxc3 15.
Qxc3 Bxd3 16. Qxd3 a6 17. Rfc1 Nb6 18. Nd2 Nc8 19. a4 Nd6 20. Nb3 Qg5 21. Nc5
Re7 22. Qd1 Rae8 23. Qf3 Nf5 24. g3 Nd6 25. h4 Qg6 26. h5 Qg5 27. Qf4 Rd8 28.
Qxg5 hxg5 29. g4 Kh7 30. Kg2 f6 31. Kf3 Rf8 32. Ke2 Kh6 33. Rh1 f5 34. gxf5 Nxf5
35. Kd2 g4 36. Rbf1 Rf6 37. Nd3 g3 38. fxg3 Nxg3 39. Rxf6+ gxf6 40. Rh3 Ne4+ 41.
Ke2 Rg7 42. Nc5 Rg2+ 43. Kf1 Rb2 44. Nxe4 dxe4 45. Rh4 f5 46. Rf4 Kg5 47. h6 Rh2
48. a5 Rxh6 49. Kg2 Rh4 50. Rf1 f4 51. exf4+ Rxf4 52. Re1 Kf5 53. Re3 Rh4 54.
Kg3 Rh1 55. Rc3 Rg1+ 56. Kf2 Rg5 57. Rh3 Kf4 58. Rh4+ Rg4 59. Rh7 e3+ 60. Ke2
Rg2+ 61. Kf1 Rb2 62. Rxb7 Ke4 63. Re7+ Kd3 64. Re5 Rxb4 65. d5 Rb1+ 66. Kg2 cxd5
67. Rxd5+ Ke4 68. Rd8 e2 69. Re8+ Kd3 70. Rd8+ Kc3 71. Rc8+ Kd4 72. Rd8+ Kc5 73.
Rc8+ Kd6 0-1

[Event "European Online CC PlayA"]
[Site "Tornelo INT"]
[Date "2021.03.29"]
[Round "5.3"]
[Board "1"]
[White "Mikhalevski, Victor"]
[Black "Artemiev, Vladislav"]
[Result "0-1"]
[WhiteTitle "GM"]
[BlackTitle "GM"]
[WhiteElo "2552"]
[BlackElo "2709"]
[WhiteTeam "Beer Sheva Chess Club"]
[BlackTeam "Ladya Kazan"]
[WhiteFideId "2801914"]
[BlackFideId "24101605"]
[EventDate "2021.03.29"]
[EventType "team"]

1. d4 Nf6 2. Nf3 g6 3. g3 Bg7 4. Bg2 d5 5. O-O Nbd7 6. b3 O-O 7. Bb2 b5 8. Nbd2
c5 9. c4 bxc4 10. bxc4 Ba6 11. Rc1 Rb8 12. Ba1 Qa5 13. Ne5 Nxe5 14. dxe5 Ng4 15.
cxd5 Nxe5 16. Bc3 Qa3 17. Re1 Nd3 18. exd3 Bxc3 19. Rxe7 c4 20. Rxa7 Bd4 21.
Nxc4 Qxa2 22. Re7 Bxc4 23. Re2 Rb2 24. Rxb2 Qxb2 25. dxc4 Bxf2+ 26. Kh1 Bc5 27.
Qc2 Qe5 28. Qe4 Qb2 29. Rb1 Qd2 30. Rf1 Qc3 31. Qf4 Qb4 32. h4 Bd6 33. Qg4 f5
34. Qd4 Re8 35. Rf3 Re2 36. Qf6 Qe1+ 37. Kh2 Qd2 38. Qd8+ Bf8 0-1

[Event "European Online CC PlayA"]
[Site "Tornelo INT"]
[Date "2021.03.29"]
[Round "5.3"]
[Board "2"]
[White "Kamsky, Gata"]
[Black "Roiz, Michael"]
[Result "1/2-1/2"]
[WhiteTitle "GM"]
[BlackTitle "GM"]
[WhiteElo "2665"]
[BlackElo "2579"]
[WhiteTeam "Ladya Kazan"]
[BlackTeam "Beer Sheva Chess Club"]
[WhiteFideId "2000024"]
[BlackFideId "2804158"]
[EventDate "2021.03.29"]
[EventType "team"]

1. d4 Nf6 2. Nf3 d5 3. Bf4 c5 4. e3 Nc6 5. Nbd2 cxd4 6. exd4 Bf5 7. c3 e6 8. Be2
Bd6 9. Bxd6 Qxd6 10. O-O h6 11. Re1 O-O 12. a4 Qc7 13. Qb3 Rab8 14. Bf1 Rfc8 15.
Qa3 Ne8 16. a5 Nd6 17. g3 b6 18. axb6 axb6 19. Ne5 Nxe5 20. dxe5 Ne4 21. Nf3 Nc5
22. Nd4 Bd3 23. Bh3 Bc4 24. b3 Bd3 25. Re3 Bg6 26. Nb5 Qd8 27. Qb2 Ra8 28. Rxa8
Rxa8 29. Bf1 Qd7 30. Nd4 Qa7 31. b4 Nd7 32. Bb5 1/2-1/2

[Event "European Online CC PlayA"]
[Site "Tornelo INT"]
[Date "2021.03.29"]
[Round "5.3"]
[Board "3"]
[White "Postny, Evgeny"]
[Black "Timofeev, Artyom"]
[Result "1/2-1/2"]
[WhiteTitle "GM"]
[BlackTitle "GM"]
[WhiteElo "2605"]
[BlackElo "2594"]
[WhiteTeam "Beer Sheva Chess Club"]
[BlackTeam "Ladya Kazan"]
[WhiteFideId "2804344"]
[BlackFideId "4140419"]
[EventDate "2021.03.29"]
[EventType "team"]

1. d4 d5 2. c4 dxc4 3. Nf3 Nf6 4. e3 e6 5. Bxc4 a6 6. O-O c5 7. b3 cxd4 8. Nxd4
Bd6 9. Bb2 O-O 10. Nd2 e5 11. Ne2 Bg4 12. f3 Bf5 13. Ng3 Bg6 14. Nde4 Nxe4 15.
fxe4 Nc6 16. Qg4 Bc5 17. Rae1 Nb4 18. Bxe5 Nd3 19. Bxd3 Qxd3 20. h4 Rae8 21. Ba1
h5 22. Qg5 Be7 23. Qf4 Bd6 24. e5 Bc5 25. Bd4 Ba3 26. Nf5 Re6 27. Rf2 Rd8 28.
Qg5 Rd7 29. Ref1 b6 30. Kh2 Bc5 31. Bxc5 bxc5 32. Nd6 Qc3 33. Nc4 Bd3 34. Rd1
Rde7 35. Qxh5 g6 36. Qh6 Bxc4 37. Rd8+ Re8 38. Rxe8+ Rxe8 39. bxc4 Qxe5+ 40. Qf4
Qxf4+ 41. exf4 Re4 42. Kg3 Rxc4 43. Rd2 Kg7 44. Rd6 Ra4 45. Rc6 Ra3+ 46. Kh2
Rxa2 47. Rxc5 f5 48. h5 a5 49. Rc7+ Kh6 50. hxg6 Kxg6 51. Rc6+ Kf7 52. Kh3 a4
53. Ra6 a3 54. g3 Ra1 55. Kh4 a2 56. Kg5 Rg1 57. Rxa2 Rxg3+ 58. Kxf5 Rb3 59. Ra8
Rb5+ 60. Kg4 Kf6 1/2-1/2